00532nam a2200241Ia 450000500170000000800460001702000180006303700070008104000080008804000080009604000080010404100080011204100080012008400110012808400080013910000200014724500580016724500200022526000100024526000170025526000090027230000090028120260401122450.0008 250103s9999 xx 000 0 eng d a9789380607191 aTB aEDL beng cEDL 2eng aeng a934VAN qEDL aVanina, Eugenia 0aMedieval India mindscapes : Space, time, society, man 0cVanina, Eugenia aDelhi bPrimus Books c2012 a336p